000 01074nam a2200217Ii 4500
003 JO-AjNU
008 230605s9999||||xx |||||||||||||| ||und||
020 _a978-56564-461-5
040 _aJO-AjNU
_bara
_erda
_cJO-AjNU
041 _aara
050 1 4 _aD1167.I2.M87 2012
100 3 _aمشوش، صالح بن طاهر,
_eauthor
_952371
245 0 0 _aعلم العمران الخلدوني واثر الرؤية الكونية التوحيدية في صياغته: دراسة تحليلية للإنسان والمعرفة عند ابن خلدون
250 _aط1
264 3 1 _aالولايات المتحدة الامريكية: المعهد العالمي للفكر الاسلامي، 2012
300 _a455ص
_bيشتمل على ببيلوغرافيا من ص435-449
336 _atext
_btxt
_2rdacontent
337 _aunmediated
_bn
_2rdamedia
338 _avolume
_bnc
_2rdacarrier
650 4 _aالفلسفة الاسلامية - ابن خلدون ، عبد الرحمن بن محمد 732-808هجري - ابن خلدون - اراء حول الانسان
_952372
999 _aA23195
_c26763
_d26763